KOHA-Header-6

Information Security a practical approach (Record no. 2715)

000 -LEADER
fixed length control field 00300nam a2200121Ia 4500
008 - FIXED-LENGTH DATA ELEMENTS--GENERAL INFORMATION
fixed length control field 190902s9999||||xx |||||||||||||| ||und||
020 ## - INTERNATIONAL STANDARD BOOK NUMBER
International Standard Book Number 0-00-653129-6
100 ## - MAIN ENTRY--PERSONAL NAME
Personal name S.M.Bhaskar
245 #0 - TITLE STATEMENT
Title Information Security a practical approach
260 ## - PUBLICATION, DISTRIBUTION, ETC. (IMPRINT)
Place of publication, distribution, etc India
Name of publisher, distributor, etc Narosa
Date of publication, distribution, etc 2008
300 ## - PHYSICAL DESCRIPTION
Extent 276
942 ## - ADDED ENTRY ELEMENTS (KOHA)
Koha item type Books
Holdings
Withdrawn status Lost status Source of classification or shelving scheme Damaged status Not for loan Collection code Permanent Location Current Location Shelving location Date acquired Total Checkouts Barcode Date last seen Date checked out Price effective from Koha item type
          Computer Science MAJU MAJU Shelf No.A32 2019-09-02 1 6364 2019-11-25 2019-11-20 2019-09-02 Computer Science

Powered by Koha